000 00522nam a2200229Ia 4500
003 OSt
005 20220912144329.0
006 a|||||r|||| 00| 0
007 ta
008 220909b |||||||| |||| 00| 0 eng d
020 _aSL01290284
024 _a193884
037 _cTextual
040 _aCSL
_beng
_cCSL
041 _aeng
082 _aH4132, L8;P4
100 _aBolt BA
245 0 _aEarth Quakes
700 _aBolt BA
942 _hH4132, L8;P4
_cTEXL
_2CC
999 _c5126
_d5126